| 000 | 00809nam a2200229 a 4500 | ||
|---|---|---|---|
| 003 | OSt | ||
| 005 | 20180119104909.0 | ||
| 008 | 020226s2000 esp 000 0 spa d | ||
| 020 | _a978-1-4562-5662-3 | ||
| 040 | _cCRI | ||
| 082 | _a658.3 | ||
| 100 | 1 |
_aChiavenato, Idalberto _98388 |
|
| 245 | 1 | 0 |
_aAdministración de recursos humanos _b: el capital humano de las organizaciones _cIdalberto Chiavenato; Traducción: Gabriel Nagore Cázeres; Revisión técnica: Martha Patricia Guzmán Brito |
| 250 | _a10ª ed | ||
| 260 |
_aMéxico D.F. [etc.] _bMcGraw-Hill _c2017 |
||
| 300 |
_aXI, 426 p. _c26 cm |
||
| 500 | _aÍndice: p. [414] | ||
| 650 | 2 | 4 |
_aGestión de recursos humanos _95702 |
| 700 | 1 |
_97596 _aNagore, Gabriel |
|
| 700 | 1 |
_98529 _aGuzmán Brito, Martha Patricia |
|
| 942 |
_2ddc _cBK _hprozim |
||
| 999 |
_c28838 _d28838 |
||